Environmental land use planning and management

Đã lưu trong:
Chi tiết về thư mục
Tác giả chính: RANDOLPH, John
Định dạng: Sách
Ngôn ngữ:Tiếng Anh
Được phát hành: Island Press 2012
Các nhãn: Thêm thẻ
Không có thẻ, Là người đầu tiên thẻ bản ghi này!

MARC

LEADER 00000nam a22000007a 4500
008 210125b ||||| |||| 00| 0 eng d
020 |a 978-1-59726-730-4 
100 |a RANDOLPH, John. 
245 |a Environmental land use planning and management  |c John Randolph.   |g xxvi, 746p.; ill. 
250 |b 2nd ed.  
260 |b Island Press  |c 2012  |h Washington, DC:   |i 691342  |l HD108.3 .R15  |m Land use – Environmental aspect.  |m Land use – Planning. 
500 |a “It includes references and index”. 
942 |a lcc  |c BK  |e Adeniran, F. A  |f 25/01/2021 
952 |0 0  |1 0  |2 lcc  |4 0  |6 HD01083 R15  |7 0  |9 1716  |a HOL  |b HOL  |c GJ  |d 2021-01-25  |l 0  |o HD108.3 .R15  |p 2021-0494  |r 2021-01-25 00:00:00  |w 2021-01-25  |y BK 
999 |c 912  |d 912